000 01022cam a22002894a 4500
999 _c329748
_d329748
001 14303169
003 NUST
005 20170518173322.0
008 060317r20061915pk a 001 0 eng
010 _a 2006332214
020 _a9693517644
025 _aP-E-2006332214 ; 20
040 _aDLC
_cDLC
042 _alcode
043 _aa-ii---
050 0 0 _aDS486.D3
_bD433 2006
082 _a954.912 REC
110 1 _aDelhi (India)
_91179
245 1 0 _aRecords of the Delhi Residency and Agency.
260 _aLahore :
_bSang-e-Meel Publications,
_c2006.
300 _aii, iii, 488, 3 p. :
_bill. ;
_c25 cm.
500 _aOriginally published: Lahore : Punjab Govt. Press, 1915?
500 _aIncludes index.
610 1 0 _aDelhi (India)
_xPolitics and government
_y19th century
_vSources.
_91180
650 0 _aRevenue
_zIndia
_zDelhi
_xHistory
_y19th century
_vSources.
_91181
906 _a7
_bcbc
_corigode
_d3
_encip
_f20
_gy-gencatlg
942 _2ddc
_cBK